Personnage des aventures de Tintin : Philémon Siclone - Statistiques

Statistiques générales
  • Ce quiz a été pris 54 fois
  • Le résultat moyen est 13 sur 18
Statistiques - réponses
Questions Réponses % Correct
Album dans lequel apparaît Philémon Siclone. Les Cigares du Pharaon
100%
Milliardaire, producteur de cinéma et futur ennemi juré de Tintin qui a été involontairement bousculé par Philémon Siclone sur le navire de croisière Époméo. Roberto Rastapopoulos
100%
Capitale égyptienne vers laquelle se rendirent Siclone et Tintin après avoir débarqué lors de leur première escale. Le Caire
98%
Sorte de cercueil dans lequel Siclone, Tintin et Milou se retrouvent alors chacun séparément en pleine mer. Un sarcophage
98%
Science qu'étudie assidument Philémon Siclone. L'égyptologie
93%
Pays alors colonie britannique dans lequel Tintin retrouve le Professeur Siclone. Les Indes
93%
Pharaon qui vécut au XIIIe et XIVe siècle avant Jésus Christ, le troisième pharaon de la XIXe dynastie égyptienne, au Nouvel Empire. Philémon devenu fou se prit pour lui. Ramsès II
88%
Bandit qui craignant les garde-côtes, relâcha le Professeur Siclone, Tintin et Milou par dessus bord. Allan Thompson
85%
Ascète musulman soufi du sous-continent indien qui a hypnotisé Siclone en lui demandant de tuer Tintin. Le fakir
80%
Document historique auquel tenait Philémon Siclone et qui semblait être celui qui était en train de s'envoler sur le navire de croisière Époméo. En réalité, le papier qui s'est envolé n'était probablement qu'un prospectus d'agence de voyage. Le Professeur a bien conversé son précieux document. Un papyrus
76%
Port égyptien à l'entrée du Canal de Suez où l'Époméo fit sa première escale, qui s'avéra être la seule pour Tintin et Siclone. Port-Saïd
71%
Complétez cette réplique de Philémon Siclone : "Ah ! quelle gloire pour moi ! Le nom de Philémon Siclone est désormais assuré de l'________." Immortalité
61%
Compositeur italien de l'opéra Madame Butterfly que chante le Professeur Siclone lorsque Tintin le retrouve : "Sur la mer calmée ..." (l'aria solo le plus célèbre de cet opéra : « Un bel dì, vedremo » - littéralement : « Un beau jour nous verrons »). Il est également l'auteur de Manon Lescaut, de La Bohème et de Tosca entre autres. Giacomo Puccini
54%
Poison qui a rendu Philémon Siclone fou. Le Radjaïdjah
46%
Apôtre qui écrivit l'Épître à Philémon, d'où le prénom du Professeur. Saint Paul de Tarse
46%
Personnage qui fit interner Philémon Siclone pour de bon. Le maharadjah de Rawajpoutalah
34%
Poignard typique de cette ancienne colonie britannique (réponse #10), à lame dite "langue-de-bœuf" et possédant une poignée en étrier. Poignard avec lequel Siclone hypnotisé tenta de tuer Tintin. Un khouttar
34%
Acteur qui prête sa voix à Philémon Siclone dans les dessins animés "Les Aventures de Tintin" diffusés initialement en 1991. Cet acteur était un habitué des seconds rôles notamment dans les films avec Louis de Funès. Il joua par exemple à deux reprises le rôle d'un automobiliste impliqué dans un accident : dans "Le Gendarme se marie" (1968) et dans "Le Gendarme en balade" (1970). Yves Barsacq
15%
Aucun quiz correspondant
Distribution des résultats
% des personnes avec chaque résultat
Percentile par nombre de réponses
Votre historique - résultats
Vous n’avez pas pris ce quiz